Movies Quiz

Random Movies or Quote Quiz
Score 0/20 Timer 04:00
1 Play Today
% Correct
Toy Story
95.3%
Groundhog Day
90.8%
Taxi Driver
88.9%
Scream
88.7%
Iron Man
88.3%
Home Alone
86.3%
Zoolander
78.6%
Se7en
76.6%
Life of Brian
69.2%
The Shining
67.9%
% Correct
Die Hard
67.8%
Full Metal Jacket
67.5%
The Lord of the Rings: The Fellowship of the Ring
63.8%
The Departed
63.8%
Pirates of the Caribbean: The Curse of the Black Pearl
63.4%
The Lion King
56.6%
Goldfinger
53.1%
The French Connection
51.9%
Star Wars: Episode V - The Empire Strikes Back
48.1%
L.A. Confidential
46.3%
Remove Ads.
Support Sporcle.
Get the best of Sporcle when you Go Orange. This ad-free experience offers more features, more stats, and more fun while also helping to support Sporcle. Thank you for becoming a member.

You're not logged in!

Compare scores with friends on all Sporcle quizzes.
OR
Log In

Sporcle TV

Today on Sporcle TV


Watch our educational content, quiz creation guides, and fun videos on Sporcle TV.

Show Comments

Extras

Top Quizzes Today


Score Distribution

Paid Content

Your Account Isn't Verified!

In order to create a playlist on Sporcle, you need to verify the email address you used during registration. Go to your Sporcle Settings to finish the process.

Report this User

Report this user for behavior that violates our Community Guidelines.

Details: